Signal and systems. A MATLAB integrated approach
Saved in:
| Hovedforfatter: | |
|---|---|
| Format: | Bog |
| Sprog: | engelsk |
| Udgivet: |
Boca Ratón, USA
CRC Press
2014
|
| Fag: | |
| Online adgang: | Disponible Online |
| Tags: |
Tilføj Tag
Ingen Tags, Vær først til at tagge denne postø!
|
MARC
| LEADER | 00000cam a2200000 a 4500 | ||
|---|---|---|---|
| 001 | UCC2964 | ||
| 003 | CL-VaPUC | ||
| 005 | 20210331001659.0 | ||
| 008 | 180329e20140000us |||||||||||||||||eng|d | ||
| 999 | |c 370840 |d 370838 | ||
| 020 | |a 9781466598539 | ||
| 040 | |c Pontificia Universidad Católica de Valparaíso | ||
| 082 | 0 | 4 | |a 621.3822 ALK 2014 |2 21 |
| 100 | 0 | |a Alkin, Oktay |e author |9 596952 | |
| 245 | 1 | 0 | |a Signal and systems. |b A MATLAB integrated approach |
| 260 | |a Boca Ratón, USA |b CRC Press |c 2014 | ||
| 300 | |a 1098 páginas | ||
| 583 | |a last modification |c 20181115 05:28:07 |k Rodrigo Vera | ||
| 650 | 0 | |a Señales |2 CL-VaPUC |9 268475 | |
| 650 | 0 | |a Sistemas de comunicación |9 260934 | |
| 650 | 0 | |a Procesamiento de señales |2 CL-VaPUC |9 260702 | |
| 650 | 7 | |a MATLAB |2 CL-VaPUC |9 330763 | |
| 650 | 0 | |a Señales digitales |2 CL-VaPUC |9 453966 | |
| 856 | |u http://bibliografiadigital.pucv.cl.pucv.idm.oclc.org/index.php/bibliotecapucv/catalog/book/282 |y Disponible Online | ||
| 942 | |c BK |2 ddc | ||
| 945 | |d 20180329 11:34:00 |a dcastane | ||
| 952 | |0 0 |1 0 |2 ddc |3 erd |4 0 |6 621_382200000000000_ALK_2014 |7 0 |8 A |9 487520 |a BIBING |b BIBING |c RES |i 5461227 |l 7 |o 621.3822 ALK 2014 |p 5461227 |r 2025-01-20 |s 2024-09-30 |w 2019-11-24 |y BK |z Catalogado en:20180329 |k EIE | ||
| 952 | |0 0 |1 0 |2 ddc |3 erd |4 0 |6 621_382200000000000_ALK_2014 |7 0 |8 A |9 487521 |a BIBING |b BIBING |c RES |i 551486K |l 8 |o 621.3822 ALK 2014 |p 551486K |r 2025-01-20 |s 2023-11-10 |w 2019-11-24 |y BK |z Catalogado en:20181116 |k EIE | ||